000 01230nam a2200397Ic 4500
001 59368
003 CO-BoRNBP
005 20251006220617.0
007 ta
008 180815s2016 sp g 000 0 spa
020 _a9788420664200
040 _aCO-BoRNBP
_bspa
_erda
_cCO-BoRNBP
041 _aspa
082 0 4 _a508
_bS13c
110 2 _aScientific American
_965346
245 1 0 _aCuestiones curiosas de ciencia /
_cScientific American ; traducción Dulcinea Otero-Piñeiro.
250 _aPrimera edición
_bsegunda reimpresión
264 1 _aMadird, España :
_bAlianza,
_c2016
300 _a285 páginas
336 _atexto
_btxt
_2rdacontent
337 _asin mediación
_bn
_2rdamedia
338 _avolumen
_bnc
_2rdacarrier
490 0 _aEl libro de bolsillo
500 _aRecomendado para público adulto
500 _aRecomendado para público adulto
650 0 7 _aBioquimica
_2LEMB
650 0 7 _aCiencias de la tierra
_2lemb
650 0 7 _aPlanetas
_2lemb
_94607
650 0 7 _aSatélites
_2lemb
_965347
650 0 7 _aSeres humanos
_2lemb
_965348
650 0 7 _aAstronomia
_2LEMB
650 0 7 _aCiencia
_2LEMB
650 0 7 _aBiología
_2LEMB
_917382
700 _aOtero-Piñeiro, Dulcinea
_965349
942 _2ddc
_cBK
999 _c59368
_d59368